Psychology research and behavior management

Detalles Bibliográficos
Formato: Electrónico Seriadas
Lenguaje:inglés
Publicado: [Macclesfield, U.K.] : Dove Medical Press, ©2008-
Materias:
Acceso en línea:Full text available from Research Library: 01/01/2008 to present

MARC

LEADER 00000nas a2200000 a 4500
001 ssj0000070423
003 WaSeSS
005 20200512172242.0
006 m d
007 cr n
008 081121c20089999nz ar s 0 a0eng c
010 |a  2011247780 
016 7 |a 101514563  |2 DNLM 
022 |a 1179-1578  |l 1179-1578 
035 |a (WaSeSS)ssj0000070423 
037 |b Dove Medical Press Ltd., Beechfield House, Winterton Way, Macclesfield, SK11 0JL United Kingdom 
040 |a NZ1  |b eng  |c NZ1  |d OCLCQ  |d PFM  |d NLM  |d TXA  |d CUS  |d OCLCQ  |d OCLCF  |d CUS  |d OCLCO  |d EUW  |d OCLCO  |d OCLCQ  |d OCLCO  |d OCLCQ  |d CASUM  |d OCLCO  |d OCLCQ  |d OCLCO  |d OCLCA  |d WT2  |d OCLCQ  |d AU@  |d OCLCA  |d OCLCQ  |d SFB  |d WaSeSS 
042 |a pcc 
050 1 4 |a BF76.5  |b .P748 
060 1 0 |a W1 
082 0 4 |a 150.5  |2 22 
210 1 |a Psychol. res. behav. manag. 
210 1 0 |a Psychol Res Behav Manag  |2 dnlm 
222 0 |a Psychology research and behavior management 
245 0 0 |a Psychology research and behavior management  |h [electronic resource]. 
246 1 |a Psychology research and behaviour management 
260 |a [Macclesfield, U.K.] :  |b Dove Medical Press,  |c ©2008- 
310 |a Annual 
362 1 |a Began with: Vol. 1 (2008). 
506 |a License restrictions may limit access. 
515 |a Articles added irregularly during the year and collected into annual issues. 
588 0 |a Vol. 1 (2008); title from PDF article running title (DovePress, viewed Jan. 4, 2012). 
588 1 |a Vol. 4 (2011) (DovePress, viewed Jan. 4, 2012). 
650 0 |a Psychology  |x Research  |v Periodicals. 
650 0 |a Psychology  |v Periodicals. 
650 1 2 |a Psychology. 
650 2 2 |a Behavioral Sciences. 
650 7 |a Psychology.  |2 ebps 
650 7 |a Psychology.  |2 fast  |0 (OCoLC)fst01081447 
650 7 |a Psychology  |x Research.  |2 fast  |0 (OCoLC)fst01081506 
655 0 |a Electronic journals. 
856 4 0 |z Full text available from Research Library: 01/01/2008 to present  |u https://search.proquest.com/publication/3933299